Beginning Postmodernism - Second Edition (Record no. 16594)

MARC details
000 -LEADER
fixed length control field 00615nam a2200241 a 4500
020 ## - INTERNATIONAL STANDARD BOOK NUMBER
ISBN 9788130919034
082 00 - DEWEY DECIMAL CLASSIFICATION NUMBER
Classification number 170
Author Cutter WOD
100 ## - MAIN ENTRY--AUTHOR NAME
Author name Woods, Tim
245 ## - TITLE STATEMENT
Title Beginning Postmodernism - Second Edition
260 ## - PUBLICATION, DISTRIBUTION, ETC. (IMPRINT)
Place of publication New Delhi
Name of publisher Viva Books Private Limited
Year of publication 2013
300 ## - PHYSICAL DESCRIPTION
Number of Pages 329p
500 ## - GENERAL NOTE
General note includes index and biblioraphy
505 2# - FORMATTED CONTENTS NOTE
Formatted contents note Bibliography, Index
650 ## - SUBJECT ADDED ENTRY--TOPICAL TERM
Topical Term Postmodernism
942 ## - ADDED ENTRY ELEMENTS (KOHA)
Koha item type Books
700 1# -
-- Woods, Tim
Holdings
Collection code Home library Current library Date acquired Cost, normal purchase price Full call number Accession Number Koha item type
  Henry Martyn Institute Library Henry Martyn Institute Library 10/03/2013 295.00 170 WOD 024122 Books
                   Copyright © 2026 | Henry Martyn Institute | Hyderabad | TS-500052 | INDIA | Implemented by hmi.edu.in
Hit-Count:

Powered by Koha